Crayola Crayon Colors Quiz Stats

 Plays Quiz Updated May 17, 2017

Support Sporcle.
Go Orange.
Score 0/120 Timer 12:00
4 Plays Today
% Correct
Red
96.8%
Blue
94.7%
Yellow
94%
Green
93.6%
Violet (Purple)
93.2%
Black
92.6%
Orange
90.6%
Gray
88.2%
White
87.7%
Brown
70.8%
Sky Blue
54.5%
Red Orange
53.9%
Magenta
52.5%
Indigo
51.9%
Tan
51.8%
Yellow Green
51.8%
Silver
51.3%
Gold
51%
Blue Green
50%
Peach
47.8%
Turquoise Blue
45.7%
Forest Green
40.1%
Yellow Orange
38.9%
Navy Blue
37.5%
Brick Red
37%
Green Yellow
37%
Macaroni and Cheese
36.1%
Maroon
35.5%
Lavender
35.2%
Aquamarine
34.9%
Burnt Sienna
34.4%
Sea Green
32.3%
Tickle Me Pink
31.1%
Periwinkle
30.8%
Cerulean
30.3%
Burnt Orange
30.2%
Blue Violet
30%
Fuchsia
29.8%
Red Violet
28.5%
Salmon
28%
% Correct
Scarlet
27.7%
Carnation Pink
27.3%
Apricot
26.8%
Goldenrod
26.2%
Midnight Blue
25.8%
Copper
25.5%
Mahogany
24.3%
Cornflower
24.1%
Olive Green
23.8%
Dandelion
23.1%
Timberwolf
22.5%
Violet Red
22.5%
Plum
22.3%
Electric Lime
20.4%
Granny Smith Apple
20.2%
Melon
19.9%
Purple Mountains' Majesty
19.8%
Denim
19.8%
Robin Egg Blue
19.7%
Sepia
19.6%
Jungle Green
19.5%
Canary
19.4%
Cadet Blue
19.1%
Fuzzy Wuzzy Brown
18.8%
Royal Purple
18.4%
Chestnut
18.3%
Raw Sienna
17.9%
Asparagus
17.2%
Pine Green
17%
Spring Green
16.9%
Eggplant
16.8%
Orchid
16.7%
Cotton Candy
16.7%
Razzmatazz
16.5%
Laser Lemon
16.3%
Beaver
16.1%
Blush
15.9%
Almond
15.9%
Inch Worm
15.9%
Outer Space
15.8%
% Correct
Hot Magenta
15.8%
Bittersweet
15.5%
Desert Sand
15.4%
Fern
15.4%
Sunset Orange
15.3%
Pacific Blue
15.3%
Piggy Pink
15.2%
Tumbleweed
15.1%
Wild Strawberry
15.1%
Atomic Tangerine
15%
Shamrock
14.8%
Unmellow Yellow
14.7%
Antique Brass
14.6%
Purple Heart
14.5%
Mango Tango
14.5%
Wisteria
14.4%
Neon Carrot
14.3%
Cerise
14.3%
Vivid Tangerine
14%
Banana Mania
14%
Shadow
13.9%
Mauvelous
13.7%
Jazzberry Jam
13.7%
Caribbean Green
13.6%
Manatee
13.6%
Wild Watermelon
13.5%
Pink Flamingo
13.5%
Outrageous Orange
13.4%
Tropical Rain Forest
13.4%
Blue Bell
13.4%
Shocking Pink
13.2%
Screamin Green
12.9%
Razzle Dazzle Rose
12.5%
Sunglow
12.2%
Mountain Meadow
12.2%
Radical Red
11.8%
Vivid Violet
11.5%
Purple Pizzazz
11.5%
Wild Blue Yonder
11.5%
Pink Sherbet
10.6%

From the Vault

States Minus Postal Abbreviations

by 20eight

If you're ever trying to shorten the names of states, this is NOT the way to do it.
Remove Ads.
Support Sporcle.
Get the best of Sporcle when you Go Orange. This ad-free experience offers more features, more stats, and more fun while also helping to support Sporcle. Thank you for becoming a member.

Show Comments

Extras

Top Quizzes Today


Score Distribution

Your Account Isn't Verified!

In order to create a playlist on Sporcle, you need to verify the email address you used during registration. Go to your Sporcle Settings to finish the process.

Report this User

Report this user for behavior that violates our Community Guidelines.

Details: